[Event "SVK-chT 2324"]
[Site "Slovakia"]
[Date "2024.01.21"]
[Round "6.7"]
[White "Macko, Michal"]
[Black "Krupa, Miroslav"]
[Result "1/2-1/2"]
[WhiteElo "2117"]
[BlackElo "2132"]
[PlyCount "136"]
[EventDate "2023.11.04"]
[EventType "team-tourn"]
[EventRounds "11"]
[EventCountry "SVK"]
[SourceTitle "CB04_2024"]
[SourceDate "2023.10.16"]
[SourceVersion "1"]
[SourceVersionDate "2023.10.16"]
[SourceQuality "1"]
[WhiteTeam "Liptov Chess School"]
[BlackTeam "Podhajska Aquamarin"]
[WhiteTeamCountry "SVK"]
[BlackTeamCountry "SVK"]

1. e4 c5 2. Nc3 d6 3. d4 cxd4 4. Qxd4 Nc6 5. Qd2 g6 6. b3 Bg7 7. Bb2 Nf6 8. 0-0-0 0-0 9. f3 Qa5 10. Kb1 Be6 11. g4 Rac8 12. Nge2 Nd7 13. g5 Rfd8 14. f4 Nb6 15. Nd5 Qxd2 16. Rxd2 Bg4 17. Nxb6 axb6 18. Bg2 Rc7 19. Nc3 Nb4 20. Nb5 Rc5 21. c4 Bxb2 22. Kxb2 Ra8 23. a3 Na6 24. e5 Nc7 25. Bxb7 Rd8 26. Nxc7 Rxc7 27. Bg2 Rcd7 28. Bc6 Rc7 29. Bb5 Rcc8 30. exd6 exd6 31. Re1 Kf8 32. Re4 Be6 33. Red4 Ke7 34. a4 Ra8 35. Kc3 Rac8 36. Kb4 Ra8 37. Bc6 Ra5 38. Bb5 Raa8 39. Ka3 Bf5 40. b4 Be6 41. Kb3 Ra7 42. Bc6 Rc7 43. Bd5 Ra7 44. Ra2 Rb8 45. Re2 Re8 46. Rde4 Kd7 47. b5 Re7 48. Kb4 Ra5 49. Bc6+ Kd8 50. Bd5 Kd7 51. Re1 Ra7 52. Bc6+ Kc7 53. Rd4 Ra5 54. Re3 Ra7 55. Re2 Ra5 56. Red2 Bg4 57. Rxd6 Re1 58. Be4 Rxe4 59. Rc6+ Kb7 60. Rdd6 Ra7 61. Rxb6+ Kc8 62. Rbc6+ Rc7 63. Rxc7+ Kxc7 64. Rc6+ Kb8 65. a5 Bd7 66. Rd6 Be6 67. Rc6 Bd7 68. Rd6 Be6 1/2-1/2

[Event "Prague op 22nd"]
[Site "Prague"]
[Date "2024.01.11"]
[Round "8"]
[White "Shen, Zhiyuan"]
[Black "Krupa, Miroslav"]
[Result "1/2-1/2"]
[WhiteElo "1937"]
[BlackElo "2119"]
[PlyCount "65"]
[EventDate "2024.01.05"]
[EventType "swiss"]
[EventRounds "9"]
[EventCountry "CZE"]
[SourceTitle "CB03_2024"]
[SourceDate "2024.01.17"]
[SourceVersion "1"]
[SourceVersionDate "2024.01.17"]
[SourceQuality "1"]

1. e4 c5 2. Nf3 d6 3. d4 cxd4 4. Nxd4 Nf6 5. Nc3 a6 6. Bg5 e6 7. f4 Be7 8. Qf3 Qc7 9. 0-0-0 Nbd7 10. g4 b5 11. Bxf6 Nxf6 12. g5 Nd7 13. f5 0-0 14. Kb1 b4 15. Nce2 e5 16. f6 exd4 17. fxe7 Re8 18. Nxd4 Ne5 19. Qg3 Bg4 20. Be2 Bxe2 21. Nxe2 Qxe7 22. Rd4 Nc6 23. Rxd6 Qxe4 24. Rc1 Rac8 25. Rd2 Ne5 26. Qf4 Nc4 27. Rd7 Qe6 28. Rcd1 Qg6 29. Rc7 Rxc7 30. Qxc7 Qe4 31. Nc1 g6 32. Rd8 Rxd8 33. Qxd8+ 1/2-1/2

[Event "SVK-chT 2324"]
[Site "Slovakia"]
[Date "2023.12.09"]
[Round "3.4"]
[White "Krupa, Miroslav"]
[Black "Varga, Zoltan"]
[Result "0-1"]
[WhiteElo "2132"]
[BlackElo "2366"]
[PlyCount "78"]
[EventDate "2023.11.04"]
[EventType "team-tourn"]
[EventRounds "11"]
[EventCountry "SVK"]
[SourceTitle "CB04_2024"]
[SourceDate "2023.10.16"]
[SourceVersion "1"]
[SourceVersionDate "2023.10.16"]
[SourceQuality "1"]
[WhiteTeam "Podhajska Aquamarin"]
[BlackTeam "Dunajska Streda"]
[WhiteTeamCountry "SVK"]
[BlackTeamCountry "SVK"]

1. e4 Nf6 2. e5 Nd5 3. d4 d6 4. c4 Nb6 5. exd6 cxd6 6. Nc3 g6 7. Be3 Bg7 8. Rc1 0-0 9. b3 Bf5 10. Be2 d5 11. c5 Nc8 12. g4 Bd7 13. h3 f5 14. f4 Nc6 15. g5 b6 16. cxb6 axb6 17. h4 Nd6 18. h5 Ne4 19. hxg6 hxg6 20. Nf3 Nxc3 21. Rxc3 Rxa2 22. Nh4 Qe8 23. Bf3 Qf7 24. Nxg6 Qxg6 25. Bxd5+ Rf7 26. Qc1 Nb4 27. Rc8+ Bf8 28. Qc4 Nxd5 29. Rh6 Qxh6 30. gxh6 Bxc8 31. Qxd5 e6 32. Qd8 Bb7 33. Bd2 Bd5 34. Bb4 Ra8 35. Qg5+ Kh7 36. Bxf8 Raxf8 37. b4 Rg8 38. Qh5 Ra7 39. Kf2 Rg2+ 0-1

[Event "SVK-chT1W 2223"]
[Site "Slovakia"]
[Date "2023.01.14"]
[Round "7.4"]
[White "Molnar, Erno"]
[Black "Krupa, Miroslav"]
[Result "1/2-1/2"]
[WhiteElo "2272"]
[BlackElo "2136"]
[PlyCount "43"]
[EventDate "2022.10.15"]
[EventType "team-tourn"]
[EventRounds "11"]
[EventCountry "SVK"]
[SourceTitle "EXT 2024"]
[Source "ChessBase"]
[SourceDate "2023.10.10"]
[SourceVersion "1"]
[SourceVersionDate "2023.10.10"]
[SourceQuality "1"]
[WhiteTeam "Gabcikovo MSK"]
[BlackTeam "Nitra NSK"]
[WhiteTeamCountry "SVK"]
[BlackTeamCountry "SVK"]

1. e4 c5 2. Nf3 d6 3. d4 cxd4 4. Nxd4 Nf6 5. Nc3 a6 6. Bg5 e6 7. f4 Be7 8. Qf3 Qc7 9. 0-0-0 Nbd7 10. Bd3 b5 11. Rhe1 Bb7 12. Qg3 b4 13. Nd5 exd5 14. exd5 Kd8 15. Nc6+ Bxc6 16. dxc6 Nc5 17. Bh4 Rg8 18. Bxh7 Rh8 19. Qxg7 Rxh7 20. Qxf6 Rxh4 21. Qxf7 Rh8 22. Re5 1/2-1/2

[Event "SVK-chT1W 2223"]
[Site "Slovakia"]
[Date "2022.12.03"]
[Round "5.2"]
[White "Krupa, Miroslav"]
[Black "Dobrotka, Martin"]
[Result "1-0"]
[WhiteElo "2162"]
[BlackElo "2247"]
[PlyCount "99"]
[EventDate "2022.10.15"]
[EventType "team-tourn"]
[EventRounds "11"]
[EventCountry "SVK"]
[SourceTitle "EXT 2024"]
[Source "ChessBase"]
[SourceDate "2023.10.10"]
[SourceVersion "1"]
[SourceVersionDate "2023.10.10"]
[SourceQuality "1"]
[WhiteTeam "Nitra NSK"]
[BlackTeam "Levice"]
[WhiteTeamCountry "SVK"]
[BlackTeamCountry "SVK"]

1. e4 c5 2. Nf3 Nc6 3. d4 cxd4 4. Nxd4 e5 5. Nb5 a6 6. Nd6+ Bxd6 7. Qxd6 Qe7 8. Qd1 d6 9. Nc3 Be6 10. Nd5 Qd8 11. c4 Rc8 12. Be3 Bxd5 13. exd5 Nce7 14. Be2 Nf6 15. 0-0 0-0 16. f4 Nf5 17. Qd2 Nxe3 18. Qxe3 exf4 19. Rxf4 Re8 20. Qf2 Qe7 21. Bd3 Qe3 22. Rd1 Rc7 23. Qxe3 Rxe3 24. Kf2 Rce7 25. b4 Nd7 26. c5 dxc5 27. d6 R7e5 28. Bf5 Nf8 29. d7 Nxd7 30. Bxd7 g5 31. Rf5 cxb4 32. Rxg5+ Rxg5 33. Kxe3 Rxg2 34. Rd2 Rxd2 35. Kxd2 b6 36. Kd3 Kf8 37. Kc4 a5 38. Kb5 Ke7 39. Bf5 h6 40. Bc2 Kd6 41. Kxb6 f6 42. Kxa5 Kc5 43. Bg6 Kc4 44. h4 Kc5 45. h5 Kc4 46. Kb6 Kd4 47. Kb5 Kc3 48. Kc5 b3 49. axb3 Kxb3 50. Kd5 1-0

[Event "SVK-chT U18"]
[Site "Radava"]
[Date "2022.11.23"]
[Round "4.1"]
[White "Krupa, Miroslav"]
[Black "Ropovik, Samuel"]
[Result "1-0"]
[WhiteElo "2133"]
[BlackElo "1682"]
[PlyCount "79"]
[EventDate "2022.11.21"]
[EventType "team-swiss"]
[EventRounds "7"]
[EventCountry "SVK"]
[SourceTitle "CBM 211 Extra"]
[Source "ChessBase"]
[SourceDate "2023.01.31"]
[SourceVersion "1"]
[SourceVersionDate "2023.01.31"]
[SourceQuality "1"]
[WhiteTeam "Nitra NSK"]
[BlackTeam "Kosice Reinter"]
[WhiteTeamCountry "SVK"]
[BlackTeamCountry "SVK"]

1. e4 c5 2. Nf3 e6 3. d4 cxd4 4. Nxd4 Nc6 5. Nb5 d6 6. c4 Nf6 7. N1c3 a6 8. Na3 b6 9. Be2 Bb7 10. Be3 Ne5 11. f4 Ned7 12. Bf3 Be7 13. 0-0 0-0 14. g4 Nc5 15. Qc2 Qc7 16. g5 Ne8 17. f5 Bc6 18. b4 Nd7 19. fxe6 Ne5 20. exf7+ Rxf7 21. Bh5 g6 22. Rxf7 Nxf7 23. Bg4 Nxg5 24. Qd2 Nxe4 25. Nxe4 Bxe4 26. Qd4 Nf6 27. Rf1 Rf8 28. Bh6 Rf7 29. Be6 Bf5 30. Bxf7+ Kxf7 31. Be3 Nd7 32. Qd5+ Kg7 33. Bd4+ Nf6 34. b5 a5 35. Qc6 Bd8 36. Re1 Kf7 37. Nb1 Bd7 38. Qxc7 Bxc7 39. Nc3 d5 40. Bxf6 1-0

[Event "SVK-chT2B 2223"]
[Site "Slovakia"]
[Date "2022.11.13"]
[Round "4.1"]
[White "Krupa, Miroslav"]
[Black "Farkas, Gabor"]
[Result "0-1"]
[WhiteElo "2133"]
[BlackElo "2309"]
[PlyCount "78"]
[EventDate "2022.10.08"]
[EventType "team-tourn"]
[EventRounds "11"]
[EventCountry "SVK"]
[SourceTitle "EXT 2024"]
[Source "ChessBase"]
[SourceDate "2023.10.10"]
[SourceVersion "1"]
[SourceVersionDate "2023.10.10"]
[SourceQuality "1"]
[WhiteTeam "Tlmace"]
[BlackTeam "Surany"]
[WhiteTeamCountry "SVK"]
[BlackTeamCountry "SVK"]

1. e4 c6 2. d4 d5 3. Nd2 dxe4 4. Nxe4 Nf6 5. Nxf6+ exf6 6. c3 Bd6 7. Bd3 0-0 8. Qc2 h5 9. Ne2 Re8 10. Be3 Qa5 11. 0-0 Nd7 12. Bh7+ Kh8 13. Qf5 Qxf5 14. Bxf5 Nb6 15. Bd3 Nd5 16. Bd2 Be6 17. Ng3 g6 18. Ne4 Be7 19. Rfd1 a5 20. b3 Kg7 21. a3 a4 22. c4 Nb6 23. c5 Nd5 24. b4 f5 25. Nc3 Bf6 26. Nxd5 Bxd5 27. Bc3 Bb3 28. Rd2 Rad8 29. Be2 Re7 30. Rb1 Rde8 31. Kf1 Bd5 32. Re1 Re4 33. Rb1 R4e7 34. Re1 Kf8 35. Rb2 Re4 36. Rd2 h4 37. Rb1 h3 38. g3 R4e7 39. Rdb2 Bg2+ 0-1

[Event "Skalica op-A"]
[Site "Skalica"]
[Date "2022.08.28"]
[Round "9"]
[White "Krupa, Miroslav"]
[Black "Shirinyan, Daniel"]
[Result "1-0"]
[WhiteElo "2217"]
[BlackElo "1899"]
[PlyCount "63"]
[EventDate "2022.08.20"]
[EventType "swiss"]
[EventRounds "9"]
[EventCountry "SVK"]
[SourceTitle "CBM 209 Extra"]
[Source "ChessBase"]
[SourceDate "2022.09.30"]
[SourceVersion "1"]
[SourceVersionDate "2022.09.30"]
[SourceQuality "1"]

1. e4 c5 2. Nf3 d6 3. d4 cxd4 4. Nxd4 Nf6 5. Nc3 a6 6. f3 e5 7. Nb3 Be6 8. Be3 h5 9. Qd2 Nbd7 10. 0-0-0 Be7 11. h3 b5 12. Bd3 b4 13. Ne2 a5 14. Kb1 a4 15. Nbc1 d5 16. exd5 Nxd5 17. f4 exf4 18. Nxf4 Nxf4 19. Bxf4 Qb6 20. Bc4 Bxc4 21. Qxd7+ Kf8 22. Bd6 Bxd6 23. Rxd6 Qb8 24. Rhd1 g6 25. Qc6 Be6 26. Qc5 Kg7 27. Qe5+ Kh6 28. Rxe6 fxe6 29. Qe3+ Kg7 30. Rd7+ Kf6 31. Qf2+ Kg5 32. h4+ 1-0

[Event "Skalica op-A"]
[Site "Skalica"]
[Date "2022.08.27"]
[Round "8"]
[White "Ihnat, Marek1111"]
[Black "Krupa, Miroslav"]
[Result "1-0"]
[WhiteElo "2069"]
[BlackElo "2217"]
[PlyCount "59"]
[EventDate "2022.08.20"]
[EventType "swiss"]
[EventRounds "9"]
[EventCountry "SVK"]
[SourceTitle "CBM 209 Extra"]
[Source "ChessBase"]
[SourceDate "2022.09.30"]
[SourceVersion "1"]
[SourceVersionDate "2022.09.30"]
[SourceQuality "1"]

1. e4 c5 2. Nf3 d6 3. d4 cxd4 4. Nxd4 Nf6 5. Nc3 a6 6. Bg5 e6 7. f4 h6 8. Bh4 Be7 9. Qf3 Nbd7 10. 0-0-0 Qc7 11. Be2 b5 12. Bxf6 Nxf6 13. e5 Bb7 14. Qg3 dxe5 15. fxe5 Nd5 16. Nxe6 fxe6 17. Qg6+ Kd7 18. Bg4 Qxe5 19. Nxd5 Qg5+ 20. Qxg5 Bxg5+ 21. Kb1 Kc6 22. Bxe6 Rhe8 23. Bg4 Rad8 24. Bf3 Kc5 25. b4+ Kc4 26. Nb6+ Kxb4 27. Bxb7 Rb8 28. Nd5+ Kc4 29. Nc7 Re7 30. Bd5+ 1-0

[Event "Skalica op-A"]
[Site "Skalica"]
[Date "2022.08.26"]
[Round "7"]
[White "Krupa, Miroslav"]
[Black "Tancsa, Tamas"]
[Result "0-1"]
[WhiteElo "2217"]
[BlackElo "2085"]
[PlyCount "98"]
[EventDate "2022.08.20"]
[EventType "swiss"]
[EventRounds "9"]
[EventCountry "SVK"]
[SourceTitle "CBM 209 Extra"]
[Source "ChessBase"]
[SourceDate "2022.09.30"]
[SourceVersion "1"]
[SourceVersionDate "2022.09.30"]
[SourceQuality "1"]

1. e4 e5 2. Bc4 Nf6 3. Nc3 Nc6 4. d3 Na5 5. Qf3 d6 6. h3 c6 7. a4 Nxc4 8. dxc4 Be6 9. Qd3 Nd7 10. b3 Nc5 11. Qf3 Be7 12. Nge2 0-0 13. Ng3 Qc8 14. 0-0 a5 15. Ba3 Bh4 16. Nf5 Bxf5 17. exf5 Be7 18. Bxc5 dxc5 19. Rae1 f6 20. Re4 Rd8 21. Rh4 Rd4 22. Ne4 Qe8 23. Rg4 Rad8 24. Rg3 Qf7 25. h4 Kh8 26. Rh3 Qe8 27. Rg3 Qd7 28. Qg4 g6 29. c3 Rd1 30. h5 Rxf1+ 31. Kxf1 Qxf5 32. hxg6 Qxg4 33. Rxg4 f5 34. Rg3 fxe4 35. Rh3 Kg7 36. Rxh7+ Kf6 37. Ke2 Rg8 38. Ke3 Rxg6 39. g3 Rg7 40. Rh5 Rg5 41. Rh7 Rg4 42. Rh6+ Kf5 43. Rh7 Bg5+ 44. Ke2 e3 45. Rf7+ Ke6 46. Rxb7 exf2 47. Kxf2 Bd2 48. Rb6 Bxc3 49. Rxc6+ Kf5 0-1

[Event "Skalica op-A"]
[Site "Skalica"]
[Date "2022.08.24"]
[Round "5"]
[White "Perkampus, Laurin"]
[Black "Krupa, Miroslav"]
[Result "1/2-1/2"]
[WhiteElo "2108"]
[BlackElo "2217"]
[PlyCount "78"]
[EventDate "2022.08.20"]
[EventType "swiss"]
[EventRounds "9"]
[EventCountry "SVK"]
[SourceTitle "CBM 209 Extra"]
[Source "ChessBase"]
[SourceDate "2022.09.30"]
[SourceVersion "1"]
[SourceVersionDate "2022.09.30"]
[SourceQuality "1"]

1. d4 d5 2. c4 e6 3. Nf3 Nf6 4. Nc3 Be7 5. Bf4 0-0 6. e3 b6 7. cxd5 Nxd5 8. Nxd5 Qxd5 9. a3 c5 10. dxc5 Qxc5 11. Rc1 Qa5+ 12. Qd2 Qxd2+ 13. Nxd2 Na6 14. Be2 Bb7 15. 0-0 Rfd8 16. Rfd1 Bf6 17. Nc4 Nc5 18. Nd6 Bxb2 19. Nxb7 Rxd1+ 20. Rxd1 Nxb7 21. Bf3 Rd8 22. Rb1 e5 23. Bxe5 Bxe5 24. Bxb7 Rd3 25. a4 Ra3 26. Bc6 Ra1 27. Rxa1 Bxa1 28. Kf1 Kf8 29. Ke2 Ke7 30. Kd3 Kd6 31. Be8 f6 32. Kc4 a6 33. Bf7 Be5 34. h3 Bh2 35. f4 Bg1 36. Kd4 b5 37. axb5 axb5 38. Be8 b4 39. Bf7 Bf2 1/2-1/2

[Event "SVK-chT1W 2122"]
[Site "Slovakia"]
[Date "2022.04.24"]
[Round "9.3"]
[White "Krupa, Miroslav"]
[Black "Petran, Peter"]
[Result "1/2-1/2"]
[WhiteElo "2139"]
[BlackElo "2233"]
[PlyCount "40"]
[EventDate "2021.11.06"]
[EventType "team-tourn"]
[EventRounds "11"]
[EventCountry "SVK"]
[SourceTitle "EXT 2023"]
[Source "ChessBase"]
[SourceDate "2022.10.05"]
[SourceVersion "1"]
[SourceVersionDate "2022.10.05"]
[SourceQuality "1"]
[WhiteTeam "Nitra NSK"]
[BlackTeam "Bratislava Slovan III"]
[WhiteTeamCountry "SVK"]
[BlackTeamCountry "SVK"]

1. e4 g6 2. d4 Bg7 3. Nc3 c6 4. Be3 b5 5. Qd2 d6 6. f3 Nd7 7. g4 Nb6 8. h4 h5 9. gxh5 Rxh5 10. Bd3 Nf6 11. Nge2 Rh8 12. Ng3 Qc7 13. Kf2 Bd7 14. Rag1 Bf8 15. Rg2 0-0-0 16. Rgh2 Bg7 17. h5 Nxh5 18. Nxh5 Rxh5 19. Rxh5 gxh5 20. Rxh5 Rh8 1/2-1/2

[Event "SVK-chT1W 2122"]
[Site "Slovakia"]
[Date "2022.03.20"]
[Round "6.2"]
[White "Krupa, Miroslav"]
[Black "Dobrotka, Martin"]
[Result "1/2-1/2"]
[WhiteElo "2139"]
[BlackElo "2252"]
[PlyCount "95"]
[EventDate "2021.11.06"]
[EventType "team-tourn"]
[EventRounds "11"]
[EventCountry "SVK"]
[SourceTitle "EXT 2023"]
[Source "ChessBase"]
[SourceDate "2022.10.05"]
[SourceVersion "1"]
[SourceVersionDate "2022.10.05"]
[SourceQuality "1"]
[WhiteTeam "Nitra NSK"]
[BlackTeam "Povazska Bystrica"]
[WhiteTeamCountry "SVK"]
[BlackTeamCountry "SVK"]

1. e4 c6 2. d4 d5 3. Nd2 g6 4. Ngf3 Bg7 5. c3 Nf6 6. e5 Nfd7 7. Bd3 Nf8 8. h4 h5 9. Ng5 Bh6 10. Qc2 Bxg5 11. hxg5 Be6 12. f4 Qc8 13. Nf1 Bf5 14. Bxf5 Qxf5 15. Qxf5 gxf5 16. Ng3 e6 17. Nxh5 Kd8 18. Kf2 Ng6 19. Kf3 Nd7 20. Be3 b6 21. g4 fxg4+ 22. Kxg4 Kc7 23. f5 exf5+ 24. Kxf5 Ne7+ 25. Kg4 Raf8 26. Raf1 Ng6 27. Ng3 Rxh1 28. Rxh1 Kd8 29. Rh7 Ke7 30. Nf5+ Ke6 31. Ng7+ Ke7 32. Kf5 Rh8 33. Rxh8 Nxh8 34. e6 Nf8 35. exf7 Kxf7 36. Nh5 Nhg6 37. Bf4 Ne6 38. Be5 Ne7+ 39. Kg4 Kg6 40. Bf6 Ng8 41. b3 Nxf6+ 42. gxf6 c5 43. dxc5 bxc5 44. f7 Kxf7 45. Kf5 d4 46. cxd4 Nxd4+ 47. Ke5 Ne2 48. Nf4 1/2-1/2

[Event "SVK-ch U16 rapid"]
[Site "Nitra"]
[Date "2021.09.11"]
[Round "1"]
[White "Krupa, Miroslav"]
[Black "Rajnicek, Adam"]
[Result "1-0"]
[WhiteElo "1893"]
[BlackElo "1480"]
[PlyCount "59"]
[EventDate "2021.09.11"]
[EventType "swiss (rapid)"]
[EventRounds "7"]
[EventCountry "SVK"]
[SourceTitle "EXT 2023"]
[Source "ChessBase"]
[SourceDate "2022.10.05"]
[SourceVersion "1"]
[SourceVersionDate "2022.10.05"]
[SourceQuality "1"]

1. e4 d5 2. exd5 Qxd5 3. Nc3 Qa5 4. d4 Nf6 5. Nf3 c6 6. Bc4 e6 7. 0-0 b5 8. Bd3 Be7 9. Bd2 Qc7 10. Bg5 Nbd7 11. Bh4 0-0 12. Ne4 Bb7 13. Qe2 Bd8 14. Bg3 Qb6 15. Bd6 Re8 16. Rad1 Nxe4 17. Qxe4 Nf6 18. Qe2 Be7 19. Be5 a6 20. Ng5 h6 21. Ne4 Qd8 22. Qf3 Nxe4 23. Qxe4 g6 24. Rfe1 Bf6 25. Qg4 Bg7 26. Re3 h5 27. Qg3 Kh7 28. Qf3 Qg5 29. Qxf7 Re7 30. Qf4 1-0

[Event "Nizami Ganjavi 880 years U17"]
[Site "Tornelo INT"]
[Date "2021.04.04"]
[Round "7.8"]
[White "Zhakshylykov, Erzhan"]
[Black "Krupa, Miroslav"]
[Result "1/2-1/2"]
[WhiteElo "2023"]
[BlackElo "2083"]
[PlyCount "133"]
[EventDate "2021.04.02"]
[EventType "team-swiss (blitz)"]
[EventRounds "9"]
[EventCountry "AZE"]
[SourceTitle "EXT 2023"]
[Source "ChessBase"]
[SourceDate "2022.10.05"]
[SourceVersion "1"]
[SourceVersionDate "2022.10.05"]
[SourceQuality "1"]
[WhiteTeam "Kyrgyzstan"]
[BlackTeam "Slovakia"]
[WhiteTeamCountry "KGZ"]
[BlackTeamCountry "SVK"]

1. d4 Nf6 2. c4 e6 3. Nc3 d5 4. cxd5 exd5 5. Bg5 Be7 6. e3 c6 7. Bd3 Nbd7 8. Qc2 Nh5 9. Bxe7 Qxe7 10. 0-0-0 Nb6 11. h3 g6 12. g4 Ng7 13. Nge2 Be6 14. Nf4 0-0-0 15. Kb1 Kb8 16. f3 Rhe8 17. Rhe1 Qh4 18. Qh2 Ka8 19. Ng2 Qe7 20. Qg3 f5 21. Ka1 Nc8 22. Nf4 Nd6 23. Bb1 Bc8 24. b3 Qc7 25. Rc1 Qf7 26. Nd3 Re7 27. Ne5 Qf6 28. Qh2 Nf7 29. f4 fxg4 30. hxg4 h6 31. Nxg6 Re6 32. Ne5 Ree8 33. Qb2 Nxe5 34. dxe5 Qh4 35. Rh1 Qxg4 36. Rcg1 Qf3 37. Qe2 Qxe2 38. Nxe2 Nf5 39. Bxf5 Bxf5 40. Rxh6 c5 41. Rf6 Bd3 42. Nc1 Bb5 43. a4 Bc6 44. Rd1 d4 45. exd4 cxd4 46. Nd3 Bf3 47. Rd2 Be4 48. Kb2 Kb8 49. Nc5 Bc6 50. b4 Kc7 51. b5 Bf3 52. Rf7+ Kb6 53. Nd7+ Ka5 54. Rxd4 Bg4 55. Rd6 Kxa4 56. Nc5+ Kxb5 57. Rxd8 Rxd8 58. Nxb7 Rd7 59. Nd6+ Kc5 60. Rxd7 Bxd7 61. f5 Kd5 62. f6 Be6 63. f7 Bxf7 64. Nxf7 Ke6 65. Nd8+ Kxe5 66. Nc6+ Ke4 67. Nxa7 1/2-1/2

[Event "Nizami Ganjavi 880 years U17"]
[Site "Tornelo INT"]
[Date "2021.04.03"]
[Round "5.10"]
[White "Krupa, Miroslav"]
[Black "Djurovic, Peko"]
[Result "1-0"]
[WhiteElo "2083"]
[BlackElo "2058"]
[PlyCount "131"]
[EventDate "2021.04.02"]
[EventType "team-swiss (blitz)"]
[EventRounds "9"]
[EventCountry "AZE"]
[SourceTitle "EXT 2023"]
[Source "ChessBase"]
[SourceDate "2022.10.05"]
[SourceVersion "1"]
[SourceVersionDate "2022.10.05"]
[SourceQuality "1"]
[WhiteTeam "Slovakia"]
[BlackTeam "Montenegro"]
[WhiteTeamCountry "SVK"]
[BlackTeamCountry "MNE"]

1. e4 c5 2. Nf3 Nc6 3. d4 cxd4 4. Nxd4 Nf6 5. Nc3 e5 6. Ndb5 d6 7. Bg5 a6 8. Na3 b5 9. Nd5 Be7 10. Bxf6 Bxf6 11. c3 Bg5 12. Nc2 0-0 13. a4 bxa4 14. Rxa4 a5 15. Bc4 Bd7 16. Ra2 a4 17. 0-0 Na5 18. Bd3 Nb3 19. Nce3 Nc5 20. Bc2 Kh8 21. Qe2 Be6 22. Rfa1 Bxe3 23. Qxe3 f5 24. b4 f4 25. Qf3 Nd7 26. Rxa4 Rxa4 27. Rxa4 Qg5 28. Qd3 f3 29. g3 Qh6 30. Ne3 Nb6 31. Qxd6 Nd7 32. Ra6 Qxe3 33. Qxf8+ Nxf8 34. fxe3 Kg8 35. Kf2 Kf7 36. Ra7+ Kf6 37. Kxf3 g5 38. b5 Nd7 39. Ra6 Ke7 40. b6 Nc5 41. Ra7+ Kd6 42. Rxh7 Kc6 43. b7 Nxb7 44. Ba4+ Kb6 45. Rh6 Nc5 46. Bb3 g4+ 47. Kg2 Nxb3 48. Rxe6+ Kc5 49. Rxe5+ Kc4 50. Rg5 Kxc3 51. Rxg4 Kd3 52. Kf3 Nd2+ 53. Kf4 Nxe4 54. h4 Nf2 55. h5 Nh3+ 56. Kf5 Kxe3 57. h6 Nf2 58. h7 Nxg4 59. Kxg4 Kf2 60. h8Q Ke3 61. Qf8 Ke2 62. Qf3+ Kd2 63. Kf4 Ke1 64. Qg2 Kd1 65. Ke3 Ke1 66. Qg1# 1-0

[Event "Skalica Masters op"]
[Site "Skalica"]
[Date "2020.08.28"]
[Round "7"]
[White "Krupa, Miroslav"]
[Black "Skalka, Michal"]
[Result "1-0"]
[WhiteElo "2057"]
[BlackElo "1794"]
[PlyCount "81"]
[EventDate "2020.08.23"]
[EventType "swiss"]
[EventRounds "9"]
[EventCountry "SVK"]
[SourceTitle "CBM 198 Extra"]
[Source "ChessBase"]
[SourceDate "2020.11.30"]
[SourceVersion "1"]
[SourceVersionDate "2020.11.30"]
[SourceQuality "1"]

1. e4 c5 2. Nf3 Nc6 3. d4 cxd4 4. Nxd4 g6 5. c4 Bg7 6. Be3 Nf6 7. Nc3 0-0 8. Be2 d6 9. 0-0 Bg4 10. f3 Bd7 11. Qd2 a6 12. Rfc1 Nxd4 13. Bxd4 Qa5 14. Rab1 Be6 15. b4 Qc7 16. Nd5 Bxd5 17. cxd5 Qd8 18. b5 a5 19. b6 Nd7 20. Be3 f5 21. exf5 Rxf5 22. Rc7 Nc5 23. Bd3 Rf7 24. Bc4 Rc8 25. Qxa5 Nd7 26. Bb3 Rxc7 27. bxc7 Qc8 28. Ba4 Ne5 29. Rc1 Rf8 30. Qd2 Qf5 31. Qc2 Qc8 32. h3 Kf7 33. f4 Nc6 34. dxc6 Qxc7 35. Qc4+ e6 36. cxb7 Qxb7 37. Qc7+ Qxc7 38. Rxc7+ Kf6 39. Bd4+ e5 40. fxe5+ dxe5 41. Bxe5+ 1-0

[Event "Skalica Masters op"]
[Site "Skalica"]
[Date "2020.08.27"]
[Round "6"]
[White "Takacs, Laszlo"]
[Black "Krupa, Miroslav"]
[Result "1/2-1/2"]
[WhiteElo "2190"]
[BlackElo "2057"]
[PlyCount "110"]
[EventDate "2020.08.23"]
[EventType "swiss"]
[EventRounds "9"]
[EventCountry "SVK"]
[SourceTitle "CBM 198 Extra"]
[Source "ChessBase"]
[SourceDate "2020.11.30"]
[SourceVersion "1"]
[SourceVersionDate "2020.11.30"]
[SourceQuality "1"]

1. e4 c5 2. Nf3 d6 3. d4 cxd4 4. Nxd4 Nf6 5. Nc3 a6 6. Bg5 e6 7. f4 h6 8. Bh4 Be7 9. Qf3 Nbd7 10. 0-0-0 Qc7 11. g4 b5 12. a3 Bb7 13. Bf2 Nc5 14. Bd3 d5 15. e5 Nfe4 16. Bxe4 Nxe4 17. Nxe4 dxe4 18. Qe3 Rc8 19. Rd2 b4 20. a4 Qa5 21. Nb3 Qxa4 22. Rhd1 Bd5 23. Rxd5 exd5 24. Kb1 Qc6 25. Nd4 Qc7 26. Qb3 0-0 27. Nf5 Rfd8 28. Bb6 Qxb6 29. Nxe7+ Kf8 30. Nxc8 Rxc8 31. Qxd5 e3 32. Qd3 Qc6 33. Re1 Qg2 34. Rxe3 Qxh2 35. e6 Qh1+ 36. Ka2 Qc6 37. exf7 Kxf7 38. Qb3+ Qc4 39. Re4 Qxb3+ 40. Kxb3 a5 41. Re5 a4+ 42. Kxa4 Rxc2 43. b3 Rg2 44. g5 hxg5 45. fxg5 Rg4 46. Rb5 Kg6 47. Rxb4 Rxb4+ 48. Kxb4 Kxg5 49. Ka5 Kf6 50. b4 g5 51. b5 g4 52. b6 g3 53. b7 g2 54. b8Q g1Q 55. Qf8+ Ke5 1/2-1/2

[Event "Skalica Masters op"]
[Site "Skalica"]
[Date "2020.08.25"]
[Round "4"]
[White "Manik, Mikulas"]
[Black "Krupa, Miroslav"]
[Result "1-0"]
[WhiteElo "2366"]
[BlackElo "2057"]
[PlyCount "57"]
[EventDate "2020.08.23"]
[EventType "swiss"]
[EventRounds "9"]
[EventCountry "SVK"]
[SourceTitle "CBM 198 Extra"]
[Source "ChessBase"]
[SourceDate "2020.11.30"]
[SourceVersion "1"]
[SourceVersionDate "2020.11.30"]
[SourceQuality "1"]

1. e4 c5 2. Nf3 d6 3. d4 cxd4 4. Nxd4 Nf6 5. Nc3 a6 6. Be3 e6 7. Be2 Nbd7 8. g4 h6 9. f4 Be7 10. Bf3 Qc7 11. Qe2 Nb6 12. 0-0-0 Nc4 13. h4 Nxe3 14. Qxe3 Nd7 15. g5 Nb6 16. g6 fxg6 17. Bg4 e5 18. Ne6 Bxe6 19. Bxe6 Rf8 20. Qg3 Rf6 21. f5 a5 22. Qh3 a4 23. a3 gxf5 24. exf5 Bf8 25. Ne4 Rxe6 26. fxe6 Rc8 27. Rh2 d5 28. Rf2 Nc4 29. Qf5 1-0